விருத்தப் பாமழை ஆயிரம் : கவிதை /

Viruthap paamalai ayiram
Saved in:
Bibliographic Details
Format: Book
Language:English
Published: முருங்கன் : முருகன் முத்தமிழ்க் கலாமன்றம், 20​24.
Tags: Add Tag
No Tags, Be the first to tag this record!

MARC

LEADER 00000nam a2200000 4500
003 LK-CoNLD
005 20251112103415.0
008 251112b xxu||||| |||| 00| 0 eng d
017 |b  LK-CoDNA 
020 |a 9789554609228 
040 |a LK-CoNLD  |b TAM  |c LK-CoNLD  |d LK-CoNLD 
245 |6 880-1  |a விருத்தப் பாமழை ஆயிரம் :  |b  கவிதை /  |c  செ. அன்புராசா. 
260 |a முருங்கன் :   |b  முருகன் முத்தமிழ்க் கலாமன்றம்,  |c 20​24. 
300 |a ப. xxx, 336 ; 
880 |6 245-1  |a Viruthap paamalai ayiram 
942 |c BOOK 
945 |a 22  |b Logeshwary RAMASAMY  |c 22  |d Logeshwary RAMASAMY 
999 |c 294002  |d 294002